ՀՀ Գիտությունների ազգային ակադեմիայի հիմնարար գիտական գրադարան  =   Fundamental Scientific Library of NAS RA

Նոր հոսանք : (Record no. 541096)

MARC details
000 -LEADER
fixed length control field 00972nas a2200229 a 4500
003 - CONTROL NUMBER IDENTIFIER
control field AM-YEHGA
005 - DATE AND TIME OF LATEST TRANSACTION
control field 20260216161941.0
008 - FIXED-LENGTH DATA ELEMENTS--GENERAL INFORMATION
fixed length control field 260216d1909 tu |||ne||||||| ||arm|d
040 ## - CATALOGING SOURCE
Original cataloging agency AM-YEHGA
041 0# - LANGUAGE CODE
Language code of text/sound track or separate title arm
245 00 - TITLE STATEMENT
Title Նոր հոսանք :
Remainder of title Հասարակական, քաղաքական, տնտեսական եւ գրական շաբաթաթերթ /
Statement of responsibility, etc. Արտօնատէր՝ Գարեգին Կոզիկեան ; Խմբ.՝ Հրանտ Արծուիկ.
260 ## - PUBLICATION, DISTRIBUTION, ETC.
Place of publication, distribution, etc. Կ. Պոլիս :
Name of publisher, distributor, etc. տպ. Շանթ,
Date of publication, distribution, etc. 1909.
300 ## - PHYSICAL DESCRIPTION
Extent 8 էջ ;
Dimensions 30 x 23 սմ.
362 0# - DATES OF PUBLICATION AND/OR SEQUENTIAL DESIGNATION
Dates of publication and/or sequential designation 1909
546 ## - LANGUAGE NOTE
Language note Բնագիրը՝ հայերեն
650 14 - SUBJECT ADDED ENTRY--TOPICAL TERM
Topical term or geographic name entry element Հասարակական-քաղաքական կյանք
Form subdivision Պարբերականներ
Chronological subdivision XXդ.
651 #4 - SUBJECT ADDED ENTRY--GEOGRAPHIC NAME
Geographic name Ստամբուլ
9 (RLIN) 5934
651 #4 - SUBJECT ADDED ENTRY--GEOGRAPHIC NAME
Geographic name Թուրքիա
700 1# - ADDED ENTRY--PERSONAL NAME
Personal name Կոզիկեան, Գարեգին,
Dates associated with a name 1878-1915
Relator term արտօնատէր
700 1# - ADDED ENTRY--PERSONAL NAME
Personal name Նազարեան, Հրանտ (Հրանտ Արծուիկ)
Relator term խմբ.
942 ## - ADDED ENTRY ELEMENTS (KOHA)
Source of classification or shelving scheme Universal Decimal Classification
Koha item type Շարունակական պաշար / Continuing Resource
Suppress in OPAC No
Holdings
Withdrawn status Lost status Source of classification or shelving scheme Damaged status Not for loan Collection Home library Current library Date acquired Serial enumeration / chronology Total checkouts Full call number Barcode Date last seen Price effective from Koha item type Public note
    Universal Decimal Classification     Zhamkochyan Individual collection Fundamental Scientific Library Fundamental Scientific Library 16/02/2026 1909, Ա տարի, Թիւ 1-7   Ժամ/1051 FL0703870 16/02/2026 16/02/2026 Շարունակական պաշար / Continuing Resource ILL Non-Circ.


ՀՀ ԳԱԱ հիմնարար գիտական գրադարան
ՀՀ,Երևան 0019
Մարշալ Բաղրամյան 24/6
հեռախոս:(374-10) 52-47-50
Հետադարձ կապ

All site content, except where otherwise noted, is licensed under a
Creative Commons License